[Event "EU Union-ch U12 16th"]
[Site "Mureck"]
[Date "2018.08.04"]
[Round "4"]
[White "Bodnar, Roland Gabor"]
[Black "Ramadanov, Esat"]
[Result "1-0"]
[WhiteElo "1693"]
[BlackElo "1789"]
[PlyCount "111"]
[EventDate "2018.08.01"]
[EventType "swiss"]
[EventRounds "9"]
[EventCountry "AUT"]
[SourceTitle "CBM 186 Extra"]
[Source "ChessBase"]
[SourceDate "2018.08.24"]
[SourceVersion "1"]
[SourceVersionDate "2018.08.24"]
[SourceQuality "1"]

1. d4 Nf6 2. c4 g6 3. f3 d6 4. e4 Bg7 5. Nc3 0-0 6. Bg5 a6 7. Qd2 Nbd7 8. Bd3 c5 9. d5 Re8 10. Nge2 Ne5 11. 0-0 Rb8 12. a4 Nfd7 13. f4 Nxd3 14. Qxd3 Qc7 15. g4 b6 16. Rad1 h6 17. Bh4 Nf6 18. g5 Nh7 19. gxh6 Bxh6 20. f5 g5 21. Bg3 f6 22. Kf2 Bd7 23. Rh1 Rf8 24. Rdg1 Rf7 25. h4 Rg7 26. hxg5 Bxg5 27. Nf4 Kh8 28. Ne6 Bxe6 29. dxe6 Rbg8 30. Nd5 Qa7 31. Rh3 b5 32. Rgh1 bxc4 33. Qxc4 Rb8 34. Rb1 Qb7 35. b3 Qa7 36. Ke2 Qb7 37. Kf2 Qa7 38. Ke2 Qb7 39. Bh2 Qa7 40. Rb2 Bh6 41. Bg3 Rbg8 42. Qd3 Rg4 43. Rb1 R8g7 44. Rbh1 Bg5 45. Qf3 Rxg3 46. Qxg3 Qb8 47. Qh2 Qg8 48. Ne3 Bxe3 49. Kxe3 a5 50. Kd3 c4+ 51. bxc4 d5 52. Rxh7+ Rxh7 53. Qxh7+ Qxh7 54. Rxh7+ Kxh7 55. exd5 Kg8 56. c5 1-0

[Event "EU Union-ch U12 16th"]
[Site "Mureck"]
[Date "2018.08.01"]
[Round "1"]
[White "Ramadanov, Esat"]
[Black "Wendl, Philipp"]
[Result "1-0"]
[WhiteElo "1789"]
[BlackElo "1462"]
[PlyCount "105"]
[EventDate "2018.08.01"]
[EventType "swiss"]
[EventRounds "9"]
[EventCountry "AUT"]
[SourceTitle "CBM 186 Extra"]
[Source "ChessBase"]
[SourceDate "2018.08.24"]
[SourceVersion "1"]
[SourceVersionDate "2018.08.24"]
[SourceQuality "1"]

1. d4 d5 2. c4 dxc4 3. Nf3 Nf6 4. e3 Bf5 5. Nc3 e6 6. Bxc4 c5 7. 0-0 Nc6 8. h3 cxd4 9. exd4 Bb4 10. Bb5 0-0 11. Bg5 h6 12. Bxf6 Qxf6 13. Bxc6 bxc6 14. Ne5 Rfc8 15. a3 Bd6 16. Re1 Qe7 17. Qf3 Qb7 18. Nc4 Bf8 19. b4 g5 20. Rac1 Qa6 21. Na5 c5 22. dxc5 Bxc5 23. Ne4 Be7 24. Ng3 Bg6 25. Rc6 Rxc6 26. Nxc6 Re8 27. Ne5 Bd6 28. Nxg6 Bxg3 29. fxg3 fxg6 30. Qf6 Qd3 31. Rxe6 Rxe6 32. Qxe6+ Kg7 33. Qe7+ Kg8 34. Qxa7 Qxg3 35. Qa8+ Kg7 36. Qb7+ Kg8 37. Qf3 Qe1+ 38. Kh2 Qe5+ 39. Qg3 Qb5 40. Qd6 Kg7 41. Qc5 Qb8+ 42. Kh1 Qg3 43. b5 Qe1+ 44. Qg1 Qa5 45. Qd4+ Kh7 46. Qb4 Qb6 47. a4 Qc7 48. b6 Qe5 49. Qb3 g4 50. hxg4 Qe1+ 51. Kh2 Qh4+ 52. Qh3 Qe7 53. Qg3 1-0

[Event "Plovdiv ChessBomb op 2nd"]
[Site "Plovdiv"]
[Date "2016.07.16"]
[Round "7"]
[White "Ramadanov, Esat"]
[Black "Stoyanov, Plamen"]
[Result "1/2-1/2"]
[WhiteElo "1483"]
[BlackElo "1256"]
[PlyCount "35"]
[EventDate "2016.07.12"]
[EventType "swiss"]
[EventRounds "7"]
[EventCountry "BUL"]
[SourceTitle "CBM 173 Extra"]
[Source "ChessBase"]
[SourceDate "2016.08.29"]
[SourceVersion "1"]
[SourceVersionDate "2016.08.29"]
[SourceQuality "1"]

1. d4 d5 2. c4 c6 3. Nc3 Nf6 4. e3 Bf5 5. Nf3 e6 6. Nh4 Bg6 7. Nxg6 hxg6 8. Qb3 Qc7 9. Bd2 Bd6 10. h3 Nbd7 11. 0-0-0 Qb6 12. c5 Qxb3 13. axb3 Bc7 14. b4 a6 15. Kc2 0-0 16. f3 e5 17. Bd3 exd4 18. exd4 1/2-1/2

[Event "Plovdiv ChessBomb op 2nd"]
[Site "Plovdiv"]
[Date "2016.07.15"]
[Round "5"]
[White "Ramadanov, Esat"]
[Black "Minchev, Tihomir"]
[Result "1-0"]
[WhiteElo "1483"]
[BlackElo "1169"]
[PlyCount "21"]
[EventDate "2016.07.12"]
[EventType "swiss"]
[EventRounds "7"]
[EventCountry "BUL"]
[SourceTitle "CBM 173 Extra"]
[Source "ChessBase"]
[SourceDate "2016.08.29"]
[SourceVersion "1"]
[SourceVersionDate "2016.08.29"]
[SourceQuality "1"]

1. d4 d5 2. c4 Nf6 3. cxd5 Nxd5 4. Nf3 e6 5. e4 Nf6 6. Nc3 Bb4 7. Bd3 Bd7 8. 0-0 Nc6 9. Bg5 0-0 10. e5 Qe8 11. exf6 1-0

[Event "Stara Zagora Beroe op 2nd"]
[Site "Stara Zagora"]
[Date "2016.02.21"]
[Round "5"]
[White "Ramadanov, Esat"]
[Black "Banev, Simeon"]
[Result "1/2-1/2"]
[WhiteElo "1605"]
[BlackElo "1420"]
[PlyCount "114"]
[EventDate "2016.02.20"]
[EventType "swiss"]
[EventRounds "6"]
[EventCountry "BUL"]
[SourceTitle "CBM 171 Extra"]
[Source "ChessBase"]
[SourceDate "2016.04.26"]
[SourceVersion "1"]
[SourceVersionDate "2016.04.26"]
[SourceQuality "1"]

1. d4 d5 2. c4 c6 3. Nc3 Nf6 4. Nf3 Bf5 5. e3 e6 6. Nh4 Bg6 7. Nxg6 hxg6 8. Qb3 Qc7 9. Bd2 Bd6 10. g3 Nbd7 11. 0-0-0 Ng4 12. Be1 Rxh2 13. Rxh2 Nxh2 14. Be2 Nf6 15. c5 Be7 16. f3 g5 17. Bf2 g4 18. Rh1 Nxf3 19. Bxf3 gxf3 20. Rh8+ Bf8 21. Qd1 0-0-0 22. Qxf3 Be7 23. Rxd8+ Qxd8 24. g4 Qh8 25. Bg3 g5 26. Be5 Qh6 27. Qg3 Nd7 28. Bc7 Qh4 29. Kd2 Qxg3 30. Bxg3 f5 31. gxf5 exf5 32. Ke2 Nf6 33. Kf3 Ne4 34. Nxe4 dxe4+ 35. Kf2 b6 36. b4 bxc5 37. bxc5 Kd7 38. Be5 Ke6 39. Bc7 Kd5 40. a3 Kc4 41. Ba5 Kb3 42. Bb4 Ka4 43. Kg3 a5 44. Bc3 Kxa3 45. Bxa5 Kb3 46. Kf2 Kc4 47. Bb6 Kd5 48. Bc7 Ke6 49. Bg3 Kf6 50. Be5+ Kg6 51. Bg3 Kh5 52. Bd6 Bd8 53. Bg3 Kg4 54. Bh2 Kh3 55. Bg3 g4 56. Bf4 Bh4+ 57. Kg1 Bd8 1/2-1/2